| 000 | 00874cam a2200241 4500 | ||
|---|---|---|---|
| 001 | ABS64834 | ||
| 008 | 011121n2001 000 0 eng u | ||
| 035 | _a(Sirsi) u115674 | ||
| 100 | _aBeacham, P. | ||
| 245 | 4 | _aThe Urban Panel: urban regeneration | |
| 260 | _c2001 | ||
| 490 |
_aEnglish Heritage Conservation Bulletin _v(41) 4-7(4) |
||
| 520 | _aDescribes the setting up last year of the new advisory group Urban Panel, which works with a range of partners including English Heritage, to offer advice and support for contributing to large-scale regeneration initiatives and developing the historic environment. | ||
| 590 | _aABS | ||
| 650 | _aURBAN REGENERATION | ||
| 650 | _aHISTORIC ENVIRONMENT | ||
| 650 | _aENGLISH HERITAGE | ||
| 650 | _aURBAN PANEL | ||
| 650 | _aBROWNFIELD SITES | ||
| 650 | _aADVISORY ROLE | ||
| 690 | _aREGENERATION | ||
| 942 | _n0 | ||
| 999 |
_c68894 _d68894 |
||